000 00653cam a22001934a 4500
005 20250605164159.0
008 250528s ||||||||||||||||||||||||d
035 _a19709
020 _a9601202641
040 _aGR-AtMCL
_bgre
_dGR-AtMCL
_eAACR2
245 1 _aΕΙΣΑΓΩΓΗ ΣΤΗ ΒΑΣΙΚΗ ΘΕΩΡΙΑ ΤΟΥ ΗΛΕΚΤΡΟΜΑΓΝΗΤΙΚΟΥ ΠΕΔΙΟΥ ΤΟΜΟΣ Β ΗΛΕΚΤΡΙΚΟ ΠΕΔΙΟ ΡΟΗΣ-ΜΑΓΝΗΤΙΚΟ ΠΕΔΙΟ
250 _a2
260 _bUniversity Studio Press,
_c2000
300 _a272
700 1 _aΤσιμπουκης Θεοδωρος Δ
_95911
942 _cBK
999 _c4965
_d4965